000 00429nam a2200169Ia 4500
001 31498
003 IN-NITTTR
005 20251114233422.0
008 251113s9999||||xx |||||||||||||| ||eng||
040 _beng
040 _cIN-NITTTR
041 _aeng
082 _a658.4 D262M
100 _aDas, Subhash Chandra
245 0 _aManagement control systems :
_b principles and practices /
_cDas, Subhash Chandra
942 _2ddc
_cBK
999 _c34128
_d34128